00582nam a22001931 450000100060000000300080000600500170001400800410003103500190007204000360009104100080012708200230013524500760015826000480023430000350028250400200031765000240033770000270036110294BD-RjUL20211208234929.0140123s1959 nyua 001 0 eng d a(BD-RjUL)10342 aDLC/ICUcICUdDLCdBD-RjULbeng aeng00a547.5082bNON 195910aNon-benzenoid aromatic compounds. cedited by David Ginsburg [et al...] aNew York :bInterscience Publishers,c1959. axii, 543 p. :bdiagrs.c24 cm. aIncludes index. 0aAromatic compounds.1 aGinsburg, Davidd1920-